000 00647cam a22002173a 4500
001 23289
003 PGUSA
005 20140828083509.0
008 071102s2007||||xxu|||||s|||||000 | eng d
040 _aPGUSA
_beng
042 _adc
050 4 _aPQ
100 1 _aCazotte, Jacques,
_d1719-1792
245 1 0 _aLe Diable amoureux; L'Honneur perdu et recouvré; Rachel ou la belle juive
_h[electronic resource] /
_cJacques Cazotte
260 _bProject Gutenberg,
_c2007
506 _aPublic domain in the USA.
516 _aElectronic text
830 0 _aProject Gutenberg
_v23289
856 4 0 _uhttp://www.gutenberg.org/ebooks/23289
942 _cEB
999 _c252544
_d252544